LEADER 04421nam 2200577 450 001 9910463488703321 005 20200520144314.0 010 $a1-118-82333-8 010 $a1-118-82346-X 010 $a1-118-79885-6 035 $a(CKB)2670000000501203 035 $a(EBL)1584995 035 $a(MiAaPQ)EBC1584995 035 $a(DLC) 2013029833 035 $a(Au-PeEL)EBL1584995 035 $a(CaPaEBR)ebr10878037 035 $a(CaONFJC)MIL615345 035 $a(OCoLC)854285812 035 $a(EXLCZ)992670000000501203 100 $a20140610h20142014 uy 0 101 0 $aeng 135 $aur||||||||||| 181 $2rdacontent 182 $2rdamedia 183 $2rdacarrier 200 14$aThe principles of electromechanical power conversion /$fBraham Ferreira, Wim Van der Merwe 210 1$aHoboken, New Jersey :$cIEEE,$d2014. 210 4$d©2014 215 $a1 online resource (413 p.) 300 $aIncludes index. 311 $a1-118-65609-1 327 $aCover; Title Page; Copyright; Preface; Chapter 1: Introduction to Electrical Systems and Power Conversion; 1.1 Electricity as an Energy Carrier; 1.2 Development of Electrical Energy Conversion Systems; 1.3 System Building Blocks; 1.4 Guide to the Book; Problems; Chapter 2: Electrical Power Sources and Energy Storage; 2.1 Introduction; 2.2 Primary Sources; 2.3 Secondary Sources; 2.4 Highlights; Problems; Chapter 3: Power, Reactive Power and Power Factor; 3.1 Introduction; 3.2 Power in DC Circuits; 3.3 Power in Resistive AC Circuits; 3.4 Effective or rms Values; 3.5 Phasor Representation 327 $a3.6 Power in AC Circuits 3.7 Apparent Power, Real Power and Power Factor; 3.8 Complex Power; 3.9 Electrical Energy Cost and Power Factor Correction; 3.10 Fourier Series; 3.11 Harmonics in Power Systems; 3.12 Power and Non-Sinusoidal Waveforms; 3.13 Effective or rms Value of Non-Sinusoidal Waveforms; 3.14 Power Factor of Non-Sinusoidal Waveforms; 3.15 Harmonics in Power Systems; 3.16 Three-Phase Systems; 3.17 Harmonics in Balanced Three-Phase Systems; 3.18 Highlights; Problems; Further Reading; Chapter 4: Magnetically Coupled Networks; 4.1 Introduction; 4.2 Basic Concepts; 4.3 Mutual Inductance 327 $a4.4 Ideal Transformer 4.5 Highlights; Problems; Further Reading; Chapter 5: Dynamics of Rotational Systems; 5.1 Introduction; 5.2 Preliminaries; 5.3 Rotational Dynamics; 5.4 Coupling Mechanisms; 5.5 Highlights; Problems; Further Reading; Chapter 6: Power Electronic Converters; 6.1 Introduction; 6.2 Linear Voltage Regulator; 6.3 Switched Approach; 6.4 Basic Assumptions; 6.5 Buck Converter; 6.6 Discontinious Conduction Mode; 6.7 Other Basic Converter Structures; 6.8 DC-DC CONVERTERS WITH ISOLATION; 6.9 Highlights; Problems; Further Reading; Chapter 7: Simple Electrical Machines; 7.1 Introduction 327 $a7.2 Motional Voltage and Electromagnetic Force 7.3 Simple Linear dc Machine; 7.4 Basic Operation of the dc Machine; 7.5 Practical DC Machine Construction; 7.6 Practical DC Machine Configurations; 7.7 DC Machine as A Component in A System; 7.8 Highlights; Problems; Further Reading; Chapter 8: AC Machines; 8.1 Introduction; 8.2 Three-Phase AC Electrical Port; 8.3 Ac Machine Stator; 8.4 Synchronous Machine; 8.5 Induction Machine; 8.6 Highlights; Problems; Further Reading; Index 330 $aTeaching the principles of power electronics and electro mechanical power conversion through a unique top down systems approach, The Principles of Electro mechanical Power Conversion takes the role and system context of power conversion functions as the starting point. Following this approach, the text defines the building blocks of the system and describes the theory of how they exchange power with each other. The authors introduce a modern, simple approach to machines, which makes the principles of field oriented control and space vector theory approachable to undergraduate students as 606 $aPower electronics 606 $aElectric generators 608 $aElectronic books. 615 0$aPower electronics. 615 0$aElectric generators. 676 $a621.31/7 700 $aFerreira$b Braham$0867384 702 $aVan der Merwe$b Wim$f1977- 801 0$bMiAaPQ 801 1$bMiAaPQ 801 2$bMiAaPQ 906 $aBOOK 912 $a9910463488703321 996 $aThe principles of electromechanical power conversion$91936077 997 $aUNINA LEADER 10708 am 22007213u 450 001 9910264053003321 005 20231107120325.0 010 $a3-95466-358-9 010 $a3-95466-357-0 035 $a(CKB)4340000000210340 035 $a(MiAaPQ)EBC5113508 035 $a(ScCtBLL)7f9582ce-438a-4e94-8b81-2518f6f66290 035 $a(MiAaPQ)EBC6961935 035 $a(Au-PeEL)EBL6961935 035 $a(OCoLC)1351201965 035 $a(oapen)https://directory.doabooks.org/handle/20.500.12854/36851 035 $a(EXLCZ)994340000000210340 100 $a20171124h20172017 uy 0 101 0 $ager 135 $aurcnu|||||||| 181 $2rdacontent 182 $2rdamedia 183 $2rdacarrier 200 04$aDie digitale transformation im gesundheitswesen $etransformation, innovation, disruption /$fDavid Matusiewicz, Christian Pittelkau, Arno Elmer (Hrsg.) ; mit beitra?gen von M. Addam [and seventy-nine others] 205 $a1st ed. 210 $cMWV Medizinisch Wissenschaftliche Verlagsgesellschaft$d2018 210 1$aBerlin, [Germany] :$cMedizinisch Wissenschaftliche Verlagsgesellschaft,$d2017. 210 4$d©2017 215 $a1 online resource (355 pages) $cillustrations 311 $a3-95466-326-0 320 $aIncludes bibliographical references at the end of each chapters. 327 $aIntro -- Titel -- Inhalt -- Geleitwort -- Vorwort -- I Einführung -- 1 Electronic Health (E-Health) und Mobile Health (mHealth) - Ein Definitionsversuch - David Matusiewicz und Christian Thielscher -- 2 Zwischenruf: ?Disruption ist disruptiv" oder das ?Undenkbare denken"! - Heinz Lohmann -- 3 Von der digitalen Apathie zur digitalen Empathie - Wege in eine patientenzentrierte Informationskultur - Joss Hertle -- 4 Sozialpsychologie und Digitale Gesundheit - Technosapiens - Bertolt Meyer -- 5 Automotive Health - Was das Automobil mit Gesundheit zu tun hat - David Matusiewicz und Manfred Knye -- II Rahmenbedingungen -- 1 eHealth - Wie die digitale Vernetzung unser Gesundheitssystem zukunftssicher macht - Katja Leikert -- 2 Evolution der medizinischen Fortbildung durch Blended Learning und Mobile Learning - Jörg Ansorg -- 3 Politische Perspektiven für die Zukunft der digitalen Gesundheit - Maik Beermann -- 4 Herausforderung Interoperabilität - Standards für die digitale Gesundheitsversorgung - Mathias Aschhoff -- 5 Der lange Weg zur persönlichen eAkte: Digitalisieren, strukturieren, qualifizieren und dann elektronifizieren - Stefan Müller-Mielitz -- 6 Regionale Netzwerke als Katalysatoren für die digitale Transformation - Leif Grundmann -- 7 Veränderung von Berufen im Gesundheitswesen durch E-Health - Klaus Juffernbruch -- III Krankenkassen -- 1 Krankenkassen im Sog der Digitalisierung - Helmut Gerhards -- 2 Digitalisierung - Gesundheitskasse neu denken - Christian Klose -- 3 Digitalisierung aus Versichertensicht - Gertrud Demmler, Eva Scherwitz und Anja Schweitzer -- 4 Vom Markt getrieben oder den Markt mitgestalten - Perspektiven für die Krankenkassen - Johannes Thormählen -- 5 Medizin zwischen Arzt und Algorithmus - Digitale Revolution auch in der Versorgung? - Thomas Ballast. 327 $a6 Digitalisierung in der Gesetzlichen Krankenversicherung - Im Niemandsland zwischen Bürde und Chance - Franz Knieps -- 7 Der Uber-Moment in der Krankenversicherung - Evelyn Kade-Lamprecht -- IV Krankenhaus -- 1 Zurück in die Zukunft - Wie Deutschlands Krankenhäuser den Anschluss an die Digitalisierung zurückgewinnen - Bernhard Calmer -- 2 Von der Dekonstruktion von Geschäftsfeldern bis zur Disruption von Geschäftsmodellen - Pierre-Michael Meier -- 3 Warum die Digitalisierung keine disruptiven Sprünge in der Gesundheitsversorgung auslöst, wohl aber eine Revolution der Versorgungsstrukturen zur Folge hat - Matthias Meierhofer -- 4 IT-Unterstützung im Zuweisermanagement - Was Geomarketing-Tools und Zuweiserportale leisten - Christian Pittelkau -- 5 E-Health im Krankenhauswesen - Standortbestimmung und Ableitung strategischer Handlungsfelder durch Reifegradmodelle - Konrad Fenderich, David Matusiewicz, Vanessa Gieseler und Steffen Fleßa -- 6 Gesundheitsbeziehungen - Neue Wege der Kommunikation - Frank Stratmann -- 7 Motor und Turbo - Was ist der richtige Ansatz für eine IT der zwei Geschwindigkeiten? - Peter Gocke -- V Ambulante Versorgung -- 1 Die digitale Arztpraxis - Vision oder Fiktion? - lens Naumann -- 2 Patientenversorgung 4.0 - Suprasektoral und individualisiert - Lutz-O. Freiberg -- 3 Elektronische Gesundheitskarte und Selbstverwaltung - Irrungen, Wirrungen und Verwirrtheiten - Franz Bartmann -- 4 Digitalisierung in der Hausarztpraxis - Ulrich Weigeldt -- 5 Warten auf den Innovationssprung - Warum (?noch mehr") Digitalisierung die ambulanten Leistungserbringer derzeit kaum begeistert - Andreas Rühle -- 6 Digitalisierter Bürger, analoge Klinik - Wie schließen wir die Lücke? - Michael Franz -- 7 Morgen noch kräftig zubeißen - Zahnmedizin 4.0 - Björn Eggert und Bernd Kordaß -- VI Pharma und Apotheken. 327 $a1 Digitale Transformation aus Sicht der Pharmaindustrie - Klaus Suwelack -- 2 Digital Health Standort Deutschland - Brauchen wir eine Moonshot-Strategie? - Birgit Fischer, Kirsten Hoyer und Stefan Höcherl -- 3 Innovative Arzneimittelversorgung - Christian Buse -- VII Pflege -- 1 Marktplätze in der Pflege - Konsolidierung und Effizienzsteigerung durch Digitalisierung - Maximilian Greschke -- 2 Pflege mit Plan - Digitalisierung entlastet Angehörige - Frank Neumann -- 3 Ein Plädoyer für ein Bewusstsein für die Qualität und Bedeutsamkeit der Sprache auch im Prozess der Digitalisierung in der Pflege - Britta March -- 4 Lean Nursing - Effiziente Pflege auf digitalen Workflows - Heiko Mania -- VIII Dienstleistung und Medizintechnik -- 1 Crossing the paper chasm: Warum Digitalisierung den Point of Care erreichen muss - oder nicht stattfindet - Holger Cordes -- 2 Vom Stethoskop zur Blockchain - Technologische Disruption im Gesundheitswesen - Sebastian Krolop -- 3 Technik, bis der Arzt kommt? Was Smart-Health-Lösungen im Gesundheitsbereich leisten können - Und was nicht - Tim Lange -- 4 Health-IT Transformation im Kontext der Medizin und Public Health - Mustapha Addam -- 5 Noch krank? Selber schuld! Gesundheit 2040 - Björn Zeien -- 6 Digitale Transformation durch eLearning - Bernhard Breil -- 7 Von der distanten Zwangskooperation zur integrierten Best-Practice-Patientenversorgung? Welchen Beitrag die Digitalisierung zur patientenorientierten Optimierung der Krankenhaus-Einweiser-Beziehung leisten kann - Klaus-Dieter Thill -- IX Entrepreneure und Start-ups -- 1 Patientenorientierte Gesundheitsinformationen - Von Null auf Digital - Ansgar Jonietz -- 2 Von der Bedeutungslosigkeit des Praxiswartezimmers - Christian Gondek, Shabnam Fahimi-Weber und David Matusiewicz. 327 $a3 Der Einfluss von Digital Leadership auf Organisationen im Gesundheitswesen - Steffi Burkhart und Stephan Grabmeier -- 4 Körperliche Aktivität stabilisiert die Erbinformation - Wie eine App dem Krebs den Kampf ansagt - Thomas Widmann -- X Forschung und Beratung -- 1 Smart Culture in Healthcare - Arno Elmer -- 2 Digitalisierung für mehr analogen gesundheitlichen Wohlstand - Astrid Böger -- 3 Digitale Transformation: Keine Frage des OB, sondern des WIE - Ein Kommentar - Günther Illert -- 4 Digitale Versorgung für chronisch Kranke - Jasper zu Putlitz -- 5 Heutige IT-Systemarchitekturen und Digitalisierung: Ein Widerspruch? - Martin Staemmler -- 6 Der große Wurf? - Ein analytischer Blick auf die erste Förderrunde im Innovationsfonds - Thilo Zelt -- 7 Medizinische Evidenz in der Praxis - Was können niedergelassene Ärzte von Digital Health erwarten? - Tim Züwerink -- 8 Digitale Gesundheit - Fluch oder Segen? - Volker Penter und Kevin Pfaffner -- 9 Daten - Führt der Weg über Blockchain zu Big Data? - Alois G. Steidel -- 10 Die digitale Transformation - X-Health für den Patienten - Britta Böckmann -- 11 Persönliche Beratung im Gesundheitswesen - Risiken und Nutzen in der Kommunikation durch die Digitalisierung - Kristina Stenzel -- 12 Nutzerorientierung als Leitgedanke von technologischen Innovationen im Gesundheitswesen - Christoph Dockweiler -- 13 Qualität ist, was der virtuelle Kunde will - Fehlende Kundenorientierung als hausgemachtes Problem - Thomas Breisach -- XI Datenschutz und Compliance -- 1 Datenschutz - Ein Luxus für Gesunde? - Albrecht Kloepfer -- 2 Datenschutz - Beweggrund, Begleiter oder Bürde der digitalen Transformation? - Ingo Mleczeck -- 3 IT-Compliance im digitalisierten Gesundheitswesen - Thomas Althammer. 327 $a4 Informationssicherheitsmanagement als Basis für eine erfolgreiche Digitalisierung im Gesundheitswesen - Thomas Jäschke und Jan Domnik -- XII Fazit - Arno Elmer -- Die Herausgeber -- Impressum. 330 $a"Der digitale Wandel macht vor keiner Branche halt: Die Digitalisierung wird auch die Gesundheitswirtschaft in den na?chsten Jahren deutlich vera?ndern. Dies betrifft Kostentra?ger und Leistungserbringer, aber vor allem die Versicherten und Patienten, die durch digitale Lo?sungen eine aktive Rolle als souvera?ne Kunden einnehmen werden. Online-Apotheken greifen die stationa?ren Apotheken an, das Krankenhaus 4.0 setzt auf digitale Patientenakten, Start-ups und Entrepreneure bauen an Apps und Lo?sungen fu?r ein innovatives Gesundheitssystem. Das Buch beleuchtet aus verschiedenen Perspektiven praxisnah und fundiert die Digitalisierung im Gesundheitswesen. Akteure aus Politik, Krankenversicherung, Gesundheitseinrichtungen, Selbstverwaltung und Wirtschaft verorten ihre Institutionen in der digitalen Transformation. Experten, junge Entscheider und Start-ups zeigen Chancen, Herausforderungen und Grenzen auf und gehen der Frage nach, wie die Digitalisierung die Gesundheitsversorgung vera?ndern wird." 606 $aMedical care$xTechnological innovation 610 $aMedicine 610 $aInnovation 610 $aTransformation 610 $aDisruption 610 $aHealth system 610 $aE-Health 610 $aDigital Transformation 610 $aArzt 610 $aGesundheitssystem 610 $aInformationstechnik 610 $aPatient 615 0$aMedical care$xTechnological innovation. 676 $a610.285 700 $aMatusiewicz$b David$4edt$01588867 702 $aMatusiewicz$b David 702 $aPittelkau$b Christian 702 $aElmer$b Arno 702 $aAddam$b M. 801 0$bMiAaPQ 801 1$bMiAaPQ 801 2$bMiAaPQ 906 $aBOOK 912 $a9910264053003321 996 $aDie digitale transformation im gesundheitswesen$93883116 997 $aUNINA LEADER 05686nam 2200733 450 001 9910818125003321 005 20220119094812.0 010 $a1-118-84761-X 010 $a1-118-84757-1 010 $a1-118-84725-3 035 $a(CKB)2670000000530914 035 $a(EBL)1642421 035 $a(SSID)ssj0001132566 035 $a(PQKBManifestationID)11610993 035 $a(PQKBTitleCode)TC0001132566 035 $a(PQKBWorkID)11147600 035 $a(PQKB)10677155 035 $a(OCoLC)871781035 035 $a(MiAaPQ)EBC1642421 035 $a(Au-PeEL)EBL1642421 035 $a(CaPaEBR)ebr10845553 035 $a(PPN)18787462X 035 $a(EXLCZ)992670000000530914 100 $a20140324h20142014 uy 0 101 0 $aeng 135 $aurcnu|||||||| 181 $ctxt 182 $cc 183 $acr 200 04$aThe Mediterranean sea $etemporal variability and spatial patterns /$fGianluca Eusebi Borzelli [and three others], editors 210 1$aWashington, District of Columbia ;$aHoboken, New Jersey :$cAmerican Geophysical Union :$cJohn Wiley & Sons,$d2014. 210 4$d©2014 215 $a1 online resource (217 p.) 225 1 $aGeophysical Monograph Series ;$v202 300 $aDescription based upon print version of record. 311 $a1-118-84734-2 320 $aIncludes bibliographical references and index. 327 $aThe Mediterranean Sea: Temporal Variability and Spatial Patterns, Geophysical Monograph 202; Copyright; Contents; Contributors; Preface; 1 Introduction to The Mediterranean Sea: Temporal Variability and Spatial Patterns; References; 2 Spatiotemporal Variability of the Surface Circulation in the Western Mediterranean: A Comparative Study Using Altimetry and Modeling; 2.1. Introduction; 2.2. Data and Methods; 2.2.1. Data; 2.2.2. Methods; 2.3. Results; 2.3.1. Mean Surface Circulation; 2.3.2. Eddy Kinetic Energy; 2.3.3. Surface Circulation Variability Using EOFs; 2.4. Summary and Discussion 327 $aReferences 3 Exchange Flow through the Strait of Gibraltar as Simulated by a ?-Coordinate Hydrostatic Model and a z-Coordinate Nonhydrostatic Model; 3.1. Introduction; 3.2. Models Description and Initialization; 3.2.1. POM; 3.2.2. MITgcm; 3.3. Models Validation; 3.4. Results; 3.4.1. Internal Bore Evolution; 3.4.2. Three-layer definition and properties; 3.4.3. Hydraulics; 3.4.4. Sensitivity Experiments; 3.5. Discussion and Conclusion; References; 4 Mixing in the Deep Waters of the Western Mediterranean; 4.1. Introduction; 4.2. Evolution of the Deep Waters; 4.3. Mixing Estimates 327 $a4.4. Mixing Processes 4.5. Discussion; References; 5 The 2009 Surface and Intermediate Circulation of the Tyrrhenian Sea as Assessed by an Operational Model; 5.1. Introduction; 5.2. Model Description; 5.2.1. The Numerical Model; 5.2.2. Boundary Conditions and Hindcast Procedure; 5.3. The Seasonal Variability of the Circulation During 2009; 5.3.1. The Surface Circulation; 5.3.2. The Intermediate Circulation; 5.4. Water Masses and Transports; 5.5. Summary; Appendix; References; 6 The Eastern Mediterranean Transient: Evidence for Similar Events Previously?; 6.1. Introduction 327 $a6.2. Lessons from the Actual EMT6.3. Historic T-S Signatures in Comparison with Potential Effects of EMT-Type Events; 6.4. Discussion and Conclusion; References; 7 Deep-Water Variability and Interbasin Interactions in the Eastern Mediterranean Sea; 7.1. Introduction; 7.2. Methodology; 7.3. Basinwide and Interbasin Variability; 7.4. Intrabasin Variability; 7.5. Simple Statistics; 7.6. Discussion and Conclusions; References; 8 An Internal Mechanism Driving the Alternation of the Eastern Mediterranean Dense/Deep Water Sources; 8.1. Introduction; 8.2. Datasets and Model Description 327 $a8.2.1. Data Series 8.2.2. Model Description; 8.2.3. Atmospheric Forcing; 8.2.4. River Discharge Data; 8.2.5. Boundary Conditions; 8.2.6. Model Run; 8.3. Results and Discussion; 8.3.1. Evolution of the Hydrological Characteristics; 8.3.2. Evolution of the Atmospheric Forcing; 8.3.3. Salinity Lateral Redistribution; 8.3.4. The Role of Lateral Advection; 8.3.5. Flows through Straits-Salinity and Heat; 8.4. Summary and Conclusions; References; 9 Thermohaline Variability and Mesoscale Dynamics Observed at the Deep-Ocean Observatory E2M3A in the Southern Adriatic Sea; 9.1. Introduction 327 $a9.2. Datasets and Methods 330 $aSurface, intermediate, and deep-water processes and their interaction in time and space drive the major ocean circulation of the Mediterranean Sea. All major forcing mechanisms, such as surface wind forcing, buoyancy fluxes, lateral mass exchange, and deep convection determining the global oceanic circulation are present in this body of water. Deep and intermediate water masses are formed in different areas of the ocean layers and they drive the Mediterranean thermohaline cell, which further shows important analogies with the global ocean conveyor belt. The Mediterranean Sea: Temporal Va 410 0$aGeophysical monograph series ;$v202. 606 $aChemical oceanography 606 $aBiogeochemical cycles 606 $aOcean circulation 606 $aOcean currents 607 $aMediterranean Sea 615 0$aChemical oceanography. 615 0$aBiogeochemical cycles. 615 0$aOcean circulation. 615 0$aOcean currents. 676 $a551.46/138 686 $aSCI052000$2bisacsh 702 $aBorzelli$b Gianluca Eusebi 801 0$bMiAaPQ 801 1$bMiAaPQ 801 2$bMiAaPQ 906 $aBOOK 912 $a9910818125003321 996 $aThe Mediterranean sea$92190383 997 $aUNINA